Выбор оптимального типа катализатора процесса гидроочистки с использованием компьютерной моделирующей системы; Проблемы геологии и освоения недр; Т. 2

Bibliografische gegevens
Parent link:Проблемы геологии и освоения недр: труды XVII Международного симпозиума имени академика М. А. Усова студентов и молодых ученых, Томск, 1-5 апреля 2013 г./ Национальный исследовательский Томский политехнический университет (ТПУ), Институт природных ресурсов (ИПР) ; Общество инженеров-нефтяников, Студенческий чаптер ; под ред. А. Ю. Дмитриева.— , 2013
Т. 2.— 2013.— [С. 148-150]
Hoofdauteur: Татаурщиков А. А.
Coauteur: Национальный исследовательский Томский политехнический университет (ТПУ) Институт природных ресурсов (ИПР) Кафедра химической технологии топлива и химической кибернетики (ХТТ)
Andere auteurs: Кривцова Н. И. Надежда Игоревна (научный руководитель)
Samenvatting:Заглавие с экрана
Taal:Russisch
Gepubliceerd in: 2013
Reeks:Современные технологии подготовки освоения и переработки минерального и углеводородного сырья Моделирование процессов переработки углеводородного сырья
Onderwerpen:
Online toegang:http://www.lib.tpu.ru/fulltext/c/2013/C11/V2/063.pdf
Formaat: Elektronisch Hoofdstuk
KOHA link:https://koha.lib.tpu.ru/cgi-bin/koha/opac-detail.pl?biblionumber=605022

MARC

LEADER 00000naa2a2200000 4500
001 605022
005 20260220124830.0
035 |a (RuTPU)RU\TPU\conf\2307 
035 |a RU\TPU\conf\2305 
090 |a 605022 
100 |a 20140328d2013 k y0rusy50 ca 
101 0 |a rus 
102 |a RU 
135 |a arnn ---uucaa 
181 0 |a i  
182 0 |a b 
200 1 |a Выбор оптимального типа катализатора процесса гидроочистки с использованием компьютерной моделирующей системы  |f А. А. Татаурщиков  |g науч. рук. Н. И. Кривцова 
203 |a Текст  |c электронный 
225 1 |a Современные технологии подготовки освоения и переработки минерального и углеводородного сырья  |v Моделирование процессов переработки углеводородного сырья 
300 |a Заглавие с экрана 
320 |a [Библиогр.: с. 150 (5 назв.)] 
337 |a Adobe Reader 
461 1 |0 (RuTPU)RU\TPU\conf\37  |t Проблемы геологии и освоения недр  |o труды XVII Международного симпозиума имени академика М. А. Усова студентов и молодых ученых, Томск, 1-5 апреля 2013 г.  |o в 2 т.  |f Национальный исследовательский Томский политехнический университет (ТПУ), Институт природных ресурсов (ИПР) ; Общество инженеров-нефтяников, Студенческий чаптер ; под ред. А. Ю. Дмитриева  |d 2013 
463 1 |0 (RuTPU)RU\TPU\conf\39  |t Т. 2  |v [С. 148-150]  |d 2013 
610 1 |a труды учёных ТПУ 
610 1 |a электронный ресурс 
610 1 |a катализаторы 
610 1 |a гидроочистка 
610 1 |a компьютерные системы 
610 1 |a моделирующие системы 
700 1 |a Татаурщиков  |b А. А. 
702 1 |a Кривцова  |b Н. И.  |c химик-технолог  |c доцент Томского политехнического университета, кандидат технических наук  |f 1983-  |g Надежда Игоревна  |4 727 
712 0 2 |a Национальный исследовательский Томский политехнический университет (ТПУ)  |b Институт природных ресурсов (ИПР)  |b Кафедра химической технологии топлива и химической кибернетики (ХТТ)  |3 (RuTPU)RU\TPU\col\18665 
801 2 |a RU  |b 63413507  |c 20230315  |g RCR 
856 4 |u http://www.lib.tpu.ru/fulltext/c/2013/C11/V2/063.pdf 
942 |c CF